Discurso Presidenta Ejecutiva INAMU, Mayra Díaz Méndez, Acto oficial de Celebración del 60 Aniversario Sufragio Femenino /
Guardado en:
| Autor principal: | |
|---|---|
| Formato: | Texto |
| Etiquetas: |
Agregar Etiqueta
Sin Etiquetas, Sea el primero en etiquetar este registro!
|
MARC
| LEADER | 00000 a a2200000 04500 | ||
|---|---|---|---|
| 001 | 44069 | ||
| 003 | |||
| 040 | |||
| 100 | |a Díaz Méndez, Mayra | ||
| 245 | |a Discurso Presidenta Ejecutiva INAMU, Mayra Díaz Méndez, Acto oficial de Celebración del 60 Aniversario Sufragio Femenino / |c Mayra Díaz Méndez | ||
| 500 | |a Discurso dado el viernes 19 de junio del 2009 en el Auditorio Tribunal Supremo de Elecciones | ||
| 773 | |g número9 (Julio, 2009)páginas 36-38; fotografías | ||
| 999 | |c 33252 |d 33252 | ||
